NLSUI OPAC header image

Unfamiliar relations : Family and history in South Asia (Record no. 21415)

MARC details
000 -LEADER
fixed length control field 00705nam a2200217Ia 4500
003 - CONTROL NUMBER IDENTIFIER
control field OSt
005 - DATE AND TIME OF LATEST TRANSACTION
control field 20210928163408.0
008 - FIXED-LENGTH DATA ELEMENTS--GENERAL INFORMATION
fixed length control field 160316s2004 xxu||||| |||| 00| 0 eng d
020 ## - INTERNATIONAL STANDARD BOOK NUMBER
International Standard Book Number 9780813533803
040 ## - CATALOGING SOURCE
Transcribing agency n
082 ## - DEWEY DECIMAL CLASSIFICATION NUMBER
Classification number 306.850000
Item number CHA
100 ## - MAIN ENTRY--PERSONAL NAME
Personal name Chaterjee Indrani
245 ## - TITLE STATEMENT
Title Unfamiliar relations : Family and history in South Asia
260 ## - PUBLICATION, DISTRIBUTION, ETC.
Place of publication, distribution, etc. Delhi
Name of publisher, distributor, etc. Permanent Black
Date of publication, distribution, etc. 2004
300 ## - PHYSICAL DESCRIPTION
Extent 302p
365 ## - TRADE PRICE
Price amount Rs.695
650 ## - SUBJECT ADDED ENTRY--TOPICAL TERM
Topical term or geographic name entry element 1. Family - History - South Asia2. Households - South Asia3. Social Conditions - South Asia
700 ## - ADDED ENTRY--PERSONAL NAME
Personal name
--
856 ## - ELECTRONIC LOCATION AND ACCESS
Uniform Resource Identifier <a href="https://www.google.co.in/books/edition/Unfamiliar_Relations/uw-URFiJDgAC?hl=en&gbpv=1&printsec=frontcover">https://www.google.co.in/books/edition/Unfamiliar_Relations/uw-URFiJDgAC?hl=en&gbpv=1&printsec=frontcover</a>
942 ## - ADDED ENTRY ELEMENTS (KOHA)
Source of classification or shelving scheme Dewey Decimal Classification
Koha item type BOOKs
Holdings
Withdrawn status Lost status Damaged status Not for loan Home library Current library Shelving location Date acquired Cost, normal purchase price Total Checkouts Full call number Barcode Date last seen Price effective from Koha item type
        NLS NLS Library Compactors 30/05/2017 695.00   306.85 CHA 19440 30/05/2017 30/05/2017 BOOKs